| 000 | 00554nam a2200217Ia 4500 | ||
|---|---|---|---|
| 003 | OSt | ||
| 005 | 20241007084132.0 | ||
| 008 | 240925s9999 xx 000 0 und d | ||
| 020 | _a8177225480 | ||
| 040 | _csd | ||
| 082 | _a620.0042 TIC | ||
| 100 | _aTickoo , Sham | ||
| 245 | 0 | _aAutoCAD 2005 for Engineers & Designers | |
| 250 | _aNA | ||
| 260 |
_aNew Delhi: _bNewWiley -dreamtech Press _c,2004. |
||
| 300 |
_axxxiv,973p. _bNA _fPirated |
||
| 500 | _aIncludes Index | ||
| 600 | _aEngineering Technology | ||
| 650 | _aTechnology | ||
| 942 |
_cBK _2ddc |
||
| 999 |
_c8520 _d8520 |
||